The treaty ports of China and Japan : a complete guide to the open ports of those countries, together with Peking, Yedo, Hongkong and Macao, forming a guide book & vade mecum for travellers, merchants, and residents in general : with 29 maps and plans / by Wm. Fred. Mayers, N.B. Dennys, and Chas. King ; compiled and edited by N.B. Dennys.

Bibliographic Details
Main Author: Dennys, N. B. (Nicholas Belfield)
Other Authors: Mayers, William Frederick, 1831-1878, King, Charles
Format: Book
Language:English
Published: San Francisco : Chinese Materials Center, 1977.
Series:Reprint series (Chinese Materials Center) ; no. 67.
Subjects:

MARC

Tag First Indicator Second Indicator Subfields
LEADER 00000cam a2200000 a 4500
001 in00000098271
005 20150924085800.0
008 771031r1977 caubef 00110 eng d
035 |a (OCoLC)03381629 
035 |9 AAK9640AM 
040 |a RRR  |c RRR  |d TXA  |d UtOrBLW 
049 |a TXAM  |c [802266] 
090 |a DS507  |b D41 1977 
100 1 |a Dennys, N. B.  |q (Nicholas Belfield) 
245 1 4 |a The treaty ports of China and Japan :  |b a complete guide to the open ports of those countries, together with Peking, Yedo, Hongkong and Macao, forming a guide book & vade mecum for travellers, merchants, and residents in general : with 29 maps and plans / by Wm. Fred. Mayers, N.B. Dennys, and Chas. King ; compiled and edited by N.B. Dennys. 
264 1 |a San Francisco :  |b Chinese Materials Center,  |c 1977. 
300 |a viii, 668, xlviii, 26 pages, 29 unnumbered leaves of plates (some folded) :  |b  maps, plans ;  |c 21 cm. 
336 |a text  |b txt  |2 rdacontent 
337 |a unmediated  |b n  |2 rdamedia 
338 |a volume  |b nc  |2 rdacarrier 
490 1 |a Reprint series / Chinese Materials Center, Inc. ;  |v no. 67 
500 |a Reprint. Orginally published: London : Trubner and Co, 1867. 
500 |a Includes index. 
651 0 |a China  |x Description and travel. 
651 0 |a Japan  |x Description and travel. 
700 1 |a Mayers, William Frederick,  |d 1831-1878. 
700 1 |a King, Charles. 
830 0 |a Reprint series (Chinese Materials Center) ;  |v no. 67. 
999 |a MARS 
999 f f |s cee28e86-7364-392e-ae50-bd7dc675d8bb  |i 0b065110-90df-3600-b7c7-169548691355  |t 0 
952 f f |p ric  |a Texas A&M University  |b Rellis Campus  |c Joint Library Facility  |d Remote Storage  |t 0  |e DS507 D41 1977  |h Library of Congress classification  |i unmediated -- volume  |m A14806027251 
998 f f |a DS507 D41 1977  |t 0  |l Remote Storage